Queen - utwory - Statystyki

Ogólne statystyki
  • Ten quiz został rozwiązany 37 razy
  • Średni wynik to 12 z 40
Statystyki odpowiedzi
Fragment utworu Nazwa utworu % Poprawnych
So you think you can stone me and spit in my eye? So you think you can love me and leave me to die? Bohemian Rhapsody
75%
I am a sex machine ready to reload Like an atom bomb about to Oh oh oh oh oh explode Don't stop me now
64%
Whatever happens, I'll leave it all to chance. Another heartache, another failed romance. The Show must go on
64%
Someone still loves you Radio Ga Ga
61%
You got mud on your face You big disgrace! We will rock you
61%
People on streets People on streets Under pressure
54%
I'm OK I'm alright (he's alright, he's alright) I ain't gonna face no defeat I just gotta get out of this prison cell One day I'm gonna be free Lord Somebody to Love
50%
People do you hear me just give me the sign It ain't much I'm asking if you want the truth Here's to the future for the dreams of youth I want it all
46%
To avoid complications, she never kept the same address In conversation, she spoke just like a baroness Met a man from China, went down to Geisha Minah Killer Queen
46%
Back, hurry back Please, bring it back home to me, because you don't know, what it means to me Love of my Life
46%
Are you hanging on the edge of your seat? Out of the doorway the bullets rip To the sound of the beat Another one bites the dust
43%
Father please forgive me You know you'll never leave me Please will you direct me In the right way Liar, liar, liar, liar Liar
39%
Fly away far away Spread your Wings
39%
If you can't make up your mind Torn between the lover and the love you leave behind You're headed for disaster 'cause you never read the signs Too much love will kill you
39%
But life still goes on I can't get used to living without living without Living without you by my side I want to break Free
36%
Don't do that - you got a good thing going now Don't do it don't do it Don't Don't try suicide
32%
But it's been no bed of roses no pleasure cruise I consider it a challenge before the whole human race And I ain't gonna lose We are the Champions
32%
I wanna rush headlong into this ecstacy If I could only reach you If I could make you smile If I could only reach you Breakthru
29%
Oh you gonna take me home tonight (please) Oh down beside that red firelight Fat bottomed girls
29%
What the hell we fighting for? Just surrender and it won't hurt at all Hammer to Fall
29%
Here we belong, fighting for survival We've come to be the rulers of your world I am immortal, I have inside me blood of kings I have no rival, no man can be my equal Take me to the future of your world Princes of the Universe
21%
Whenever this world is cruel to me I got you to help me forgive Ooo you make live now honey You're my best Friend
21%
You couldn't lose You couldn't fail You had suspicion on my trail How, how, how jealousy
18%
Well I've loved a million women In a belladonic haze Keep yourself alive
18%
so let them know when they stare it's just a private affair they'll have us hung in the air and tell me what do they care? it's only a life to be twisted and broken Scandal
18%
The one thing we're all waiting for, is peace on earth and an end to war, The Miracle
18%
There can be only one This rage that lasts a thousand years Will soon be done-done A kind of Magic
14%
What a super feeling Am I dreaming Am I dreaming...? Woh-woh-woh-woh A winter's tale
14%
If there's a God in the sky looking down What can he think of what we've done Is this the World we created...?
14%
Fear me you lords and lady preachers
I descend upon your earth from the skies
I command your very souls you unbelievers
Seven seas of Rhye
14%
Love me baby Don't be so cool Love me love me baby I've been to the hitman school The Hitman
14%
Life is tough - on your own Now I'm waiting for something to fall from the skies And I'm waiting for love It's a hard life
11%
When sunny skies break through behind the clouds I wish, it could last forever, yeah Wish, it could last forever, forever Made in Heaven
11%
Then came man to savage in the night
To run like thieves and to kill like knives
To take away the power from the magic hand
To bring about the ruin to the promised land
My fairy King
11%
Do you know do you know do you know just how I feel? Do you know do you know do you know just how I feel? Sheer Heart Attack
11%
My life is in your hands, I'll fo and I'll fie I'll be what you make me, I'll do what you like I'll be a bad boy, I'll be your bad boy The March of the Black Queen
11%
Oh oh and two by two my human zoo They’ll be Running for to come Running for to come The Prophet's song
11%
'You're such a dirty louse go get outa my house'
That's all I ever get from your family ties
In fact I don't think I ever heard
A single little civil word from those guys
Tie your Mother down
11%
It’s so funny there;s nothing to laugh about My money that’s all you want to talk about I can see what you want me to be In the lap of the Gods
7%
A baby I was when you took my hand And the light of the night burned bright And the people all stared didn’t understand Now I'm here
7%
Nie znaleziono quizów pasujących do podanych kryteriów
Rozkład punktacji
Procent ludzi z każdym wynikiem
Percentyl według liczby udzielonych odpowiedzi
Twoja historia wyników
Nie rozwiązałeś tego quizu